The 10 Most Powerful Countries in the World - Statistics

General Stats
  • This quiz has been taken 85 times
  • The average score is 9 of 10
Answer Stats
Answer % Correct
China
100%
Russia
100%
United States of America
100%
United Kingdom
94%
France
91%
India
87%
Japan
87%
Germany
82%
Iran
62%
Turkey
59%
No matching quizzes found
Score Distribution
Percent of People with Each Score
Percentile by Number Answered
Your Score History
You have not taken this quiz